Unitary Development Plans (Record no. 17642)

MARC details
000 -LEADER
fixed length control field 00965cab a2200217 4500
001 - CONTROL NUMBER
control field ABS40837
008 - FIXED-LENGTH DATA ELEMENTS--GENERAL INFORMATION
fixed length control field 090401t1989 xxu||||| |||| 00| 0 eng d
035 ## - SYSTEM CONTROL NUMBER
System control number (Sirsi) u26275
041 ## - LANGUAGE CODE
Language code of text/sound track or separate title eng
100 ## - MAIN ENTRY--PERSONAL NAME
Personal name Collinson, I.
245 ## - TITLE STATEMENT
Title Unitary Development Plans
260 ## - PUBLICATION, DISTRIBUTION, ETC.
Date of publication, distribution, etc. 1989
350 ## - PRICE (NR) (BK AM CF MU VM SE) [OBSOLETE]
Price 0
490 ## - SERIES STATEMENT
Series statement Estates Gazette
Volume/sequential designation (8918) 6 May 1989, 24-64(3)
520 ## - SUMMARY, ETC.
Summary, etc. Explains the new system of Unitary Development Plans , which is expected to operate for a 10-year period and will supersede all existing plans, whether prepared at district or county level. Reviews current procedure for adoption of UDPs. Reports on progress made by the metropolitan areas, some of whom have been issued with formal strategic guidance and commencement orders. Summarises the key points of the draft strategic guidance for Greater London .
650 ## - SUBJECT ADDED ENTRY--TOPICAL TERM
Topical term or geographic name entry element PLANNING GAIN
690 ## - LOCAL SUBJECT ADDED ENTRY--TOPICAL TERM (OCLC, RLIN)
Topical term or geographic name as entry element PLANNING LAW AND PRACTICE
700 ## - ADDED ENTRY--PERSONAL NAME
Personal name Ross, S.
942 ## - ADDED ENTRY ELEMENTS (KOHA)
Suppress in OPAC 0
948 ## - LOCAL PROCESSING INFORMATION (OCLC); SERIES PART DESIGNATOR (RLIN)
c (OCLC) 04/03/1997
Holdings
Withdrawn status Lost status Source of classification or shelving scheme Damaged status Not for loan Home library Current library Shelving location Date acquired Total Checkouts Full call number Barcode Date last seen Copy number Price effective from Koha item type
    Dewey Decimal Classification     London London Journal article 14/09/1999   ABS40837 26275-1001 06/08/2019 1 06/08/2019 Journal article